| 000 | 02091nam a2200349 a 4500 | ||
|---|---|---|---|
| 001 | 000038423 | ||
| 003 | DO-SdBNP | ||
| 005 | 20260415175501.0 | ||
| 008 | 100224s2012 dr 001 0 spa d | ||
| 020 | _z9789945856637 | ||
| 040 |
_aDO-SdBNP _bspa _cBNPHU |
||
| 082 |
_a343.04 _bR823d, 2012 |
||
| 100 | 1 |
_aRoss Bravo, Jaime, _d1921- _936039 |
|
| 245 | 1 | 0 |
_aDerecho tributario sustantivo / _cJaime Ross Bravo ; editor Miguel Collado ; presentación Mariano Escoto Saba ; prólogo Roberto Leonel Rodríguez Estrella. |
| 250 | _a3ª ed. | ||
| 260 |
_aSanto Domingo : _bCentro de Capacitación en Política y Gestión Fiscal (CAPGEFI), _c2012. |
||
| 300 |
_a361 p. ; _c23 cm. |
||
| 490 | 1 | _aPublicaciones CAPGEFI | |
| 490 | 1 |
_aManuales de Finanzas Públicas _v18 |
|
| 504 | _aIncluye datos biográficos del autor en las solapas de la cubierta. | ||
| 505 | 0 |
_tNoción general de derecho tributario -- _tAutonomía del desarrollo tributario -- _tDivisión del derecho tributario -- _tFuentes directas y supletorias del derecho tributario -- _aCodificación del derecho tributario -- _tGeneralidades del hecho generador de la obligación tributaria -- _tElementos del hecho generador -- _tEl objeto de la obligación tributaria -- _tLa causa de la obligación tributaria -- _tLos sujetos de la obligación tributaria _tLa determinación o liquidación de la obligación tributaria -- _tModos de extinguir las obligaciones tributarias -- _tLa exención tributaria -- _tPrivilegios y garantías del crédito tributario -- _tApéndice. |
|
| 590 | _aInventariado, 2018/VM | ||
| 650 | 0 |
_aImpuestos _xLeyes y legislación _99338 |
|
| 650 | 4 |
_aProcedimiento tributario _98289 |
|
| 700 | 1 |
_aCollado, Miguel A., _d1954- _eed. _924696 |
|
| 700 | 1 |
_aEscoto Saba, Mariano, _epresent. _936042 |
|
| 700 | 1 |
_aRodríguez Estrella, Roberto Leonel, _epról. _936043 |
|
| 710 | 1 |
_aCentro de Capacitación en Política y Gestión Fiscal (República Dominicana) _964770 |
|
| 830 | 0 |
_aPublicaciones CAPGEFI _pManuales de Finanzas Públicas _n18 _964771 |
|
| 910 | _aValidado. Control de calidad EMS. | ||
| 942 |
_2ddc _cLBS1 |
||
| 999 |
_c37913 _d37913 |
||